Niektoré legislatívne a technologické aspekty ochrany životného prostredia mesta Břeclav : Obh. 6.6.1994 /

Guardado en:
Detalles Bibliográficos
Autor principal: Ptáčková, Marcela (Autor)
Formato: Manuscrito Libro
Lenguaje:eslovaco
Publicado: Bratislava : STU v Bratislave ChtF, 1994
Etiquetas: Agregar Etiqueta
Sin Etiquetas, Sea el primero en etiquetar este registro!

MARC

LEADER 00000ntm a22000003a 4500
001 stu22697
005 20150617225746.3
008 940712s1994----cs------------------slo-d
040 |a STU  |b slo 
041 0 |a slo 
044 |a cs 
100 1 |a Ptáčková, Marcela  |4 aut 
245 1 |a Niektoré legislatívne a technologické aspekty ochrany životného prostredia mesta Břeclav :  |b Obh. 6.6.1994 /  |c [aut.]Ptáčková,Marcela 
260 |a Bratislava :  |b STU v Bratislave ChtF,  |c 1994 
300 |a 85 s :  |b Obr.,tab.,lit 
500 |a Špec.:Technológia vody 
996 |b 284C026465CD11806  |c C*D11806  |l CCI  |s A  |a 24  |w stu22697_0001